Olga / (Registro nro. 3748)
[ vista simple ]
| 000 -LEADER | |
|---|---|
| fixed length control field | 00854nam a2200241Ia 4500 |
| 003 - CONTROL NUMBER IDENTIFIER | |
| control field | OSt |
| 005 - DATE AND TIME OF LATEST TRANSACTION | |
| control field | 20250505150638.0 |
| 008 - FIXED-LENGTH DATA ELEMENTS--GENERAL INFORMATION | |
| fixed length control field | 191128t1997 sp er 000 f spa d |
| 020 ## - INTERNATIONAL STANDARD BOOK NUMBER | |
| International Standard Book Number | 8440677251 |
| 040 ## - CATALOGING SOURCE | |
| Original cataloging agency | CO-JMCR |
| Transcribing agency | CO-JMCR |
| 041 ## - LANGUAGE CODE | |
| Language code of text/sound track or separate title | spa |
| 082 04 - DEWEY DECIMAL CLASSIFICATION NUMBER | |
| Classification number | A-N |
| Item number | ZOCo |
| 100 1# - MAIN ENTRY--PERSONAL NAME | |
| Personal name | Zocchi, Chiara, |
| Relator term | autora |
| 9 (RLIN) | 8511 |
| 245 10 - TITLE STATEMENT | |
| Title | Olga / |
| Statement of responsibility, etc. | Chiara Zocchi; traducción Silvia Borri |
| 250 ## - EDITION STATEMENT | |
| Edition statement | Primera edición |
| 260 ## - PUBLICATION, DISTRIBUTION, ETC. | |
| Place of publication, distribution, etc. | Barcelona : |
| Name of publisher, distributor, etc. | Ediciones B, |
| Date of publication, distribution, etc. | ©1997 |
| 300 ## - PHYSICAL DESCRIPTION | |
| Extent | 166 páginas : |
| Dimensions | 19 cm. |
| 520 ## - SUMMARY, ETC. | |
| Summary, etc. | Una niña: Olga tiene en su haber a un padre que vive en la cárcel, a un hermano que muere en la calle y a una madre que comparte con ella las cuatro paredes de un piso sin luz en la periferia de una gran ciudad. |
| 546 ## - LANGUAGE NOTE | |
| Language note | spa |
| 650 14 - SUBJECT ADDED ENTRY--TOPICAL TERM | |
| Topical term or geographic name entry element | Novela italiana |
| 9 (RLIN) | 832 |
| 700 ## - ADDED ENTRY--PERSONAL NAME | |
| Personal name | Borri, Silvia, |
| Relator term | traductora |
| 9 (RLIN) | 8512 |
| 942 ## - ADDED ENTRY ELEMENTS (KOHA) | |
| Source of classification or shelving scheme | Dewey Decimal Classification |
| Koha item type | Books |
| Withdrawn status | Lost status | Source of classification or shelving scheme | Damaged status | Not for loan | Collection code | Home library | Current library | Date acquired | Source of acquisition | Full call number | Barcode | Date last seen | Copy number | Koha item type |
|---|---|---|---|---|---|---|---|---|---|---|---|---|---|---|
| Dewey Decimal Classification | Fiction | Biblioteca Pública José María del Castillo y Rada | Biblioteca Pública José María del Castillo y Rada | 11/28/2019 | Donación | A-N ZOCo | 201808051 | 11/28/2019 | Ej.1 | Books |